[Event "Portugal Open 2019"]
[Site "Lisbon"]
[Date "2019.02.04"]
[Round "4.37"]
[White "Sousa, Hugo Carneiro"]
[Black "Storme, Isak"]
[Result "0-1"]
[WhiteElo "2097"]
[BlackElo "2290"]
[Annotator "ChessBase"]
[PlyCount "126"]
[EventDate "2019.01.25"]
[EventType "swiss"]
[EventCountry "POR"]
[SourceTitle "playchess.com"]
[Source "ChessBase"]
[SourceQuality "1"]
[TimeControl "5400+30"]

1. e4 c5 2. c3 b6 3. d4 Bb7 4. Bd3 Nf6 5. Qe2 cxd4 6. cxd4 Nc6 7. Nf3 Nb4 8. Nc3 Nxd3+ 9. Qxd3 e6 10. O-O d5 11. e5 Ne4 12. Ng5 Nxc3 13. Qxc3 Rc8 14. Qd3 h6 15. Nh3 Be7 16. Qg3 g6 17. Bd2 Kf8 18. Rac1 Kg7 19. f4 Qd7 20. Nf2 Ba6 21. Rfe1 Rxc1 22. Rxc1 Rc8 23. Qe3 Rxc1+ 24. Bxc1 Qb5 25. h3 Qf1+ 26. Kh2 h5 27. a3 Be2 28. Nh1 h4 29. Nf2 Kg8 30. Bd2 a5 31. Bc3 Bf8 32. Ng4 Bxg4 33. hxg4 Bh6 34. g5 Bf8 35. Be1 Qb5 36. Qd2 Qf1 37. Bxh4 b5 38. Be1 b4 39. Qe3 bxa3 40. bxa3 Bxa3 41. Bxa5 Bc1 42. Bd2 Bb2 43. Qg1 Qe2 44. Be3 Bc3 45. Qf2 Qd1 46. Qf3 Qd3 47. Qf2 Kf8 48. Qg1 Qe2 49. Qf2 Qd1 50. Qf3 Qd3 51. Qf2 Ke7 52. Qg1 Kd7 53. Qf2 Kc6 54. Qg1 Kb5 55. Qf2 Qd1 56. Kh3 Kc4 57. Qa2+ Kd3 58. Qf2 Be1 59. Qf1+ Kxe3 60. Qg1+ Ke4 61. g3 Qh5+ 62. Kg2 Qf3+ 63. Kh3 Qxg3+ 0-1

[Event "Portugal Open 2019"]
[Site "Lisbon"]
[Date "2019.02.04"]
[Round "4.38"]
[White "Sorensen, Hampus"]
[Black "Aflalo, Sophie"]
[Result "1-0"]
[WhiteElo "2289"]
[BlackElo "2091"]
[Annotator "TA"]
[PlyCount "87"]
[EventDate "2019.01.25"]
[EventType "swiss"]
[EventCountry "POR"]
[SourceTitle "playchess.com"]
[Source "ChessBase"]
[SourceQuality "1"]

{[%evp 13,87,32,47,42,41,38,54,59,59,60,100,86,143,146,156,44,48,31,43,44,70,17,37,-7,2,-50,29,-12,-19,-39,0,12,25,53,105,70,100,42,47,19,218,0,0,0,224,0,317,323,399,336,375,373,364,357,358,304,364,376,335,360,335,335,1160,1129,1147,1108,1095,956,6001,6001,3650,3072,29992,29993,29993,1202]} 1. d4 Nf6 2. c4 g6 3. Nc3 Bg7 4. e4 d6 5. h3 O-O 6. Be3 e5 7. d5 a5 8. g4 {E71: King's Indian: 4 e4 d6 5 h3} ({Predecessor:} 8. Nge2 Na6 {½-½ (48) Narayanan,S (2564)-Gajwa,A (2267) Ahmedabad 2017}) 8... Na6 9. Nge2 Nc5 $146 (9... Nd7 10. Qd2 Ndc5 11. Ng3 c6 12. Be2 cxd5 13. cxd5 a4 14. h4 Bd7 15. h5 Rc8 {0-1 (39) Caruana,F (2832)-Nakamura,H (2746) London 2018}) 10. Ng3 {White is slightly better.} c6 11. Be2 Rb8 ({Predecessor:} 11... Bd7 12. Qd2 a4 13. f3 cxd5 14. cxd5 Qa5 15. Nd1 Rfc8 {½-½ (48) Narayanan,S (2564)-Gajwa,A (2267) Ahmedabad 2017}) 12. h4 Ne8 ({Better is} 12... cxd5 13. Bxc5 dxc5) 13. Qd2 cxd5 14. cxd5 (14. exd5 $16 b6 15. h5) 14... b5 $14 15. h5 b4 16. Nd1 Bf6 17. b3 (17. g5 $14 Be7 18. Rc1) 17... Bh4 18. Bf3 a4 19. bxa4 (19. g5 $11 Bxg3 20. fxg3) 19... b3 (19... Ba6 $1 $15) 20. Nc3 Ba6 21. Be2 Bxe2 (21... Bxg3 $15 22. Bxa6 Bxf2+ 23. Kxf2 (23. Qxf2 Qa5 $11) 23... Nxa6) 22. Ngxe2 $11 {[#] Black must now prevent g5.} bxa2 23. Rxa2 {Threatens to win with a5.} Nb3 (23... Rb4 $14) 24. Qd3 Bg5 25. Kf1 (25. Nb5 $16 Qa5+ 26. Kf1 Bxe3 27. Qxb3 (27. fxe3 Nc5 $17)) 25... Rb4 $14 26. a5 {[%cal Ba4a5,Ba5a6,Ba6a7][%mdl 32] Strongly threatening a6.} Nc5 $2 (26... Bxe3 $11 {and Black is okay.} 27. Qxe3 Nxa5) 27. Qd2 Nb3 $1 {[%cal Rb3d2]} 28. Qd3 $36 {[%mdl 2048] White is pushing.} Nc5 29. Qd2 $2 (29. Bxc5 $1 $18 dxc5 30. a6) 29... Bh4 $2 {[%mdl 8192]} (29... Nb3 $11 {and Black has nothing to worry.} 30. Qd3) 30. a6 $18 Nc7 31. a7 Na8 32. Rb2 Rxb2 33. Qxb2 Qf6 {...Bxf2 is the strong threat.} 34. Qd2 {And now g5 would win.} Nb6 35. g5 Qf3 36. Rxh4 Nc4 37. Qc1 f6 $2 (37... Nb3) 38. Bxc5 fxg5 39. Rh2 dxc5 40. Kg1 g4 41. hxg6 {White threatens Qh6 and mate.} g3 42. Nxg3 {Threatening mate with Qh6.} hxg6 43. Qh6 {[%cal Rh6g6]} Kf7 {[#]} 44. Qxf8+ $1 {[%mdl 64] Remove Defender, Promotion. Accuracy: White = 33%, Black = 45%.} 1-0

[Event "Portugal Open 2019"]
[Site "Lisbon"]
[Date "2019.02.04"]
[Round "4.39"]
[White "Risting, Eivind Olav"]
[Black "FERNANDES, Miguel Antonio"]
[Result "1-0"]
[WhiteElo "2282"]
[BlackElo "2066"]
[Annotator "TA"]
[PlyCount "51"]
[EventDate "2019.01.25"]
[EventType "swiss"]
[EventCountry "POR"]
[SourceTitle "playchess.com"]
[Source "ChessBase"]
[SourceQuality "1"]

{[%evp 18,51,12,15,41,44,43,38,35,20,38,29,35,44,56,79,115,59,74,43,61,70,79,37,97,87,95,83,278,260,318,329,1039,1028,29991,29992]} 1. d4 d5 ({Predecessor:} 1... Nf6 2. c4 e6 3. Nf3 b6 4. e3 Bb7 5. Bd3 Be7 6. Nc3 d5 7. O-O O-O 8. b3 c5 9. Bb2 Nbd7 10. Qe2 Rc8 11. Rfd1 Bd6 12. cxd5 {1-0 (48) Gruenfeld,E-Nievergelt,E Vienna 1953}) 2. c4 $146 (2. Nf3 Nf6 3. c4 c6 4. Nc3 e6 {0-1 (29) Gelfand,B (2703)-Ivanchuk,V (2710) Jerusalem 2018}) 2... c6 3. Nc3 Nf6 4. e3 e6 5. Nf3 Nbd7 6. Qc2 b6 7. Bd3 Bb7 8. O-O Be7 9. b3 O-O 10. Bb2 c5 {D46: Semi-Slav: 5 e3 Nbd7 6 Bd3, Black avoids the Meran} (10... h6 11. Rad1 Qc7 12. Qe2 Rad8 13. Rfe1 Rfe8 14. Bb1 Bf8 15. Ne5 dxc4 16. Nxd7 Rxd7 17. bxc4 c5 18. d5 exd5 19. Nxd5 Nxd5 20. cxd5 {0-1 (29) Gelfand,B (2703)-Ivanchuk,V (2710) Jerusalem 2018}) 11. cxd5 exd5 12. Rfd1 Rc8 {White is slightly better.} 13. Qe2 Bd6 14. dxc5 ({Predecessor:} 14. Rac1 Qe7 15. dxc5 bxc5 16. Ba6 Bxa6 17. Qxa6 {1-0 (48) Gruenfeld,E-Nievergelt,E Vienna 1953}) 14... bxc5 15. Ba6 Bxa6 16. Qxa6 {[%mdl 64] [#] Double Attack} Nb6 17. Rac1 ({White should play} 17. Nb5 $16) 17... Qe7 18. Na4 ({Predecessor:} 18. Nb5 Bb8 19. a4 Rc6 20. a5 {1-0 (48) Gruenfeld,E-Nievergelt,E Vienna 1953}) 18... Nxa4 19. Qxa4 Rfd8 20. Qh4 Ne4 (20... Ne8 $1 $14) 21. Qg4 $16 {[%csl Gb2][%cal Rg4g7] [#]} g6 22. Rxd5 f5 $2 (22... Bc7 $16) 23. Rxf5 $1 $18 Qd7 24. Nh4 {And now Nxg6 would win.} ({Much less strong is} 24. Qxe4 $6 gxf5 25. Qc4+ Qf7 $18) 24... Bxh2+ $2 (24... Rc6 25. g3 Be7 26. Qxe4 gxf5 27. Nxf5 Bf6 28. Bxf6 Rxf6) 25. Kxh2 {aiming for Nxg6.} Nxf2 26. Qc4+ {[%mdl 64] Double Attack. Accuracy: White = 59%, Black = 14%.} 1-0

[Event "Portugal Open 2019"]
[Site "Lisbon"]
[Date "2019.02.04"]
[Round "4.40"]
[White "Barbier, Wim"]
[Black "Hernandez Munoz, Antonio Ramon"]
[Result "1/2-1/2"]
[WhiteElo "2086"]
[BlackElo "2249"]
[Annotator "TA"]
[PlyCount "99"]
[EventDate "2019.01.25"]
[EventType "swiss"]
[EventCountry "POR"]
[SourceTitle "playchess.com"]
[Source "ChessBase"]
[SourceQuality "1"]

{[%evp 13,99,1,27,13,49,0,0,0,24,14,40,40,28,13,34,10,22,14,10,-16,-13,-6,0,0,6,0,0,0,0,0,0,0,0,-11,0,-87,-21,-55,-21,-36,-47,-121,-125,-133,0,0,0,0,0,0,0,-17,-24,-54,0,0,0,0,0,0,0,0,0,-8,0,0,0,0,0,0,0,0,0,0,0,0,0,0,0,0,0,0,0,0,0,0,0,0]} 1. Nf3 Nf6 2. c4 e6 3. g3 d5 4. Bg2 Be7 5. O-O O-O 6. Qc2 c6 7. b3 {A13: English Opening: 1...e6} (7. d4 Nbd7 8. Nbd2 b6 9. Rd1 Bb7 10. e4 dxc4 11. e5 Nd5 12. Qxc4 c5 13. Nb3 cxd4 14. Qxd4 Qc7 15. Bd2 Rac8 16. Rac1 Qb8 17. Re1 Rxc1 18. Nxc1 Rc8 19. Nb3 Qc7 20. Rc1 {½-½ (20) Najer,E (2664)-Buhmann,R (2584) Germany 2012}) 7... a5 {LiveBook: 6 Games} 8. Nc3 Na6 9. e3 $146 {White is slightly better.} ({Predecessor:} 9. a3 Nc5 10. d3 d4 11. Nb1 a4 12. Nbd2 axb3 13. Nxb3 Nxb3 14. Qxb3 Nd7 15. Bd2 Re8 {0-1 (44) Galvan Sarmiento,J (1968)-Martin Ojeda,J (2255) Las Palmas 2012}) 9... b5 10. d3 {[%cal Bd2d3,Bd3d4][%mdl 32]} Qb6 11. e4 Rd8 12. e5 {[#] Hoping for Be3.} Nd7 13. Be3 Qb7 14. cxb5 cxb5 15. d4 Nf8 16. Bg5 Bxg5 17. Nxg5 h6 18. Nf3 Bd7 19. Rfc1 Rdc8 20. Qd2 b4 21. Na4 Bxa4 22. bxa4 Nd7 23. Bf1 Nb6 24. Bb5 (24. g4 $11) 24... Rxc1+ (24... Nc4 $17 25. Qd3 Nc7 26. Bxc4 dxc4 27. Rxc4 Nd5) 25. Rxc1 $11 {Threatens to win with Bc6.} Rc8 (25... Nc4 $5 {[%cal Rc4d2]} 26. Qd3 Nc7 $11) 26. Rxc8+ Qxc8 27. Qd3 ({White should play} 27. Qe2 $15 Nc7 28. h4) 27... Qc1+ $17 28. Qf1 {[#]} Qxf1+ (28... Qc3 $1 $17 {[%cal Rc3f3]} 29. Bxa6 Qxf3) 29. Kxf1 {[%mdl 4096] Endgame KBN-KNN} Nc7 30. Bc6 Nc4 31. Ke2 f6 32. exf6 gxf6 33. Nd2 Nxd2 ({Black should try} 33... Kf8 $15) 34. Kxd2 $15 {KB-KN. The position is equal.} Kf7 35. Ke3 Ke7 36. g4 e5 {And now ...exd4+ would win.} 37. Bb7 $1 Kd6 38. Bc8 $1 Ne6 39. Bxe6 Kxe6 $11 {KP-KP} 40. f4 {Strongly threatening fxe5.} e4 41. h4 h5 42. g5 $1 ({Avoid the trap} 42. gxh5 $2 f5 $19) 42... Kf5 43. Ke2 Kg6 44. Ke3 Kf7 45. Ke2 Kf8 46. Ke3 Ke7 47. Ke2 Ke6 48. Ke3 Kf5 49. Ke2 fxg5 50. fxg5 {Precision: White = 60%, Black = 51%.} 1/2-1/2

[Event "Portugal Open 2019"]
[Site "Lisbon"]
[Date "2019.02.05"]
[Round "5.1"]
[White "Motylev, Alexander"]
[Black "Xu, Xiangyu"]
[Result "1/2-1/2"]
[WhiteElo "2644"]
[BlackElo "2565"]
[Annotator "TA"]
[PlyCount "63"]
[EventDate "2019.01.25"]
[EventType "swiss"]
[EventCountry "POR"]
[SourceTitle "playchess.com"]
[Source "ChessBase"]
[SourceQuality "1"]

{[%evp 12,63,24,18,16,3,17,22,25,25,19,24,35,36,33,48,40,47,47,43,41,39,102,95,111,103,88,91,101,108,115,105,106,82,100,104,95,85,89,103,83,88,100,12,14,0,50,12,17,8,13,8,8,8]} 1. e4 e5 2. Nf3 Nf6 3. d4 Nxe4 4. Bd3 Nc6 5. Nxe5 (5. Bxe4 d5 6. Nxe5 {½-½ (34) Shirov,A (2741)-Rizouk,A (2507) Villarrobledo 2008}) 5... Nxe5 6. Bxe4 $146 ({Predecessor:} 6. dxe5 d5 {1-0 (35) Leko,P (2600)-Timman,J (2630) Ubeda 1997}) 6... d5 7. dxe5 dxe4 {C43: Petroff Defence: 3 d4} 8. Qxd8+ Kxd8 9. Nc3 Bf5 (9... Bb4 10. Bg5+ Ke8 11. O-O-O Bg4 12. Rd4 Bxc3 13. bxc3 h6 14. Rxe4 Bh3 15. gxh3 hxg5 {½-½ (34) Shirov,A (2741)-Rizouk,A (2507) Villarrobledo 2008}) 10. Be3 Kc8 11. O-O-O b6 12. Rd4 $36 {[%mdl 2048] White is more active.} Bc5 13. Rc4 Bxe3+ 14. fxe3 Kb7 15. Rf1 Bg6 16. Nd5 Rad8 (16... c5 $14) 17. Nxc7 $16 ({Wrong is} 17. Rxc7+ $2 Kb8 $19) 17... Rc8 {[#]} 18. Nb5 $1 {[%cal Rb5d6] Strongly threatening Nd6+.} Rxc4 19. Nd6+ {[%mdl 64] Double Attack} Kc7 20. Nxc4 {[%mdl 4096] Endgame KRB-KRN} Re8 21. a4 a6 22. h4 b5 23. axb5 axb5 24. Nd6 Rxe5 25. Nxf7 Rh5 26. Rf4 h6 27. g4 (27. Kd2 $16) 27... Rxh4 $11 28. Ne5 Be8 29. Rf8 Kd8 {The position is equal.} 30. Rg8 g5 31. Rg7 Rh3 32. Kd2 {Accuracy: White = 75%, Black = 62%.} 1/2-1/2

[Event "Portugal Open 2019"]
[Site "Lisbon"]
[Date "2019.02.05"]
[Round "5.2"]
[White "Stefansson, Hannes"]
[Black "Iturrizaga Bonelli, Eduardo"]
[Result "1/2-1/2"]
[WhiteElo "2514"]
[BlackElo "2640"]
[Annotator "TA"]
[PlyCount "24"]
[EventDate "2019.01.25"]
[EventType "swiss"]
[EventCountry "POR"]
[SourceTitle "playchess.com"]
[Source "ChessBase"]
[SourceQuality "1"]

{[%evp 12,24,20,20,30,22,27,14,22,0,0,0,0,5,45]} 1. e4 c5 2. Nf3 e6 3. d4 cxd4 4. Nxd4 Nc6 5. Nc3 Qc7 6. Be3 a6 7. a3 Be7 {B48: Sicilian: Taimanov: 5 Nc3 Qc7 6 Be3 a6 without Be2} (7... Nf6 8. f4 d6 9. Qf3 Be7 10. Nxc6 bxc6 11. g4 Rb8 12. g5 Nd7 13. b3 d5 14. Bg2 h6 15. h4 hxg5 16. hxg5 Rxh1+ 17. Bxh1 Qa5 {1-0 (42) Sjugirov,S (2663)-Morozevich,A (2656) Khanty-Mansiysk 2018}) 8. f4 b5 9. Nxc6 dxc6 {The position is equal.} 10. e5 $146 ({Predecessor:} 10. Be2 Bb7 11. O-O Rd8 12. Qe1 Nf6 {Jones,K (2297)-Duchardt,A (2317) ICCF email 2017}) 10... Nh6 11. Bd3 Bb7 12. Qf3 c5 1/2-1/2

[Event "Portugal Open 2019"]
[Site "Lisbon"]
[Date "2019.02.05"]
[Round "5.3"]
[White "Petrov, Nikita"]
[Black "Kadric, Denis"]
[Result "1/2-1/2"]
[WhiteElo "2585"]
[BlackElo "2545"]
[Annotator "TA"]
[PlyCount "123"]
[EventDate "2019.01.25"]
[EventType "swiss"]
[EventCountry "POR"]
[SourceTitle "playchess.com"]
[Source "ChessBase"]
[SourceQuality "1"]

{[%evp 9,123,52,58,35,45,12,45,20,33,22,41,38,48,42,45,35,60,20,60,32,91,111,125,76,92,116,125,135,131,129,144,122,164,115,110,117,132,115,114,127,112,80,83,0,127,0,87,87,86,88,70,0,0,0,0,0,0,0,4,0,0,0,0,0,0,0,0,0,3,0,0,0,0,0,0,0,0,0,0,0,0,0,0,0,0,0,0,0,7,0,0,0,7,0,0,0,0,0,0,0,0,0,0,0,0,0,0,0,0,0,0,0,0,0,0,0]} 1. e4 d6 $146 ({Predecessor:} 1... g6 2. d4 {0-1 (50) Borisek,J (2576)-Bacrot,E (2718) chess.com INT 2018}) 2. d4 g6 3. Nc3 {[%cal Bb1c3,Bc3e2,Be2g3][%mdl 32]} a6 4. f4 b5 5. Nf3 Nd7 ({Predecessor:} 5... Bb7 6. Bd3 Nd7 {0-1 (50) Borisek,J (2576)-Bacrot,E (2718) chess.com INT 2018}) 6. Be3 {B06: Modern Defence} Bb7 7. Bd3 b4 ({Predecessor:} 7... Bg7 8. e5 c5 9. Be4 Bxe4 10. Nxe4 Nh6 11. Qe2 cxd4 12. Bxd4 Nf5 13. O-O-O Nxd4 14. Rxd4 O-O 15. Rhd1 Nb6 16. Kb1 {0-1 (50) Borisek,J (2576)-Bacrot,E (2718) chess.com INT 2018}) 8. Ne2 {White is slightly better.} Ngf6 9. Ng3 Bg7 10. c3 a5 11. O-O O-O 12. Qe2 c5 13. Kh1 bxc3 14. bxc3 d5 (14... c4 $14 15. Bc2 (15. Bxc4 Bxe4 16. Nxe4 Nxe4 $11) 15... Ra6) 15. e5 $1 $16 {Hoping for Rab1.} Ne4 16. Rfc1 Nxg3+ 17. hxg3 e6 18. Rab1 Rb8 19. dxc5 Qc7 20. c4 dxc4 21. Rxc4 Bd5 22. Rxb8 Rxb8 23. Rc1 {Black must now prevent c6!} Bf8 {[%cal Rd7c5]} 24. c6 Ba3 25. Rc3 Bb4 26. Rc1 ({Don't go for} 26. cxd7 $2 Qxc3 27. Bb5 Bc6 $19) 26... Ba3 $1 {[%cal Ra3c1]} 27. Rc3 Bb4 {[#]} 28. Rc2 $1 (28. cxd7 Qxc3 29. Bb5 Bc6 $19) 28... Bxc6 {[#]} 29. Be4 $1 Nc5 30. Bxc5 (30. Bxc6 $14 Qxc6 31. Qc4) 30... Bxe4 $11 {The position is equal.} 31. Qxe4 Bxc5 32. Qc4 Rc8 33. Qb5 Qa7 $1 34. Ng5 {And now Ne4 would win.} Rc7 $1 35. Ne4 Bf8 36. Nf6+ (36. Rxc7 {seems wilder.} Qxc7 37. Qe8 Qc2 38. Nf6+ Kg7 39. Qd8) 36... Kh8 37. Rxc7 (37. Rc6 {is more complex.} Rxc6 38. Qxc6 Kg7 39. Kh2 Qf2 40. Qc7) 37... Qxc7 38. Kh2 (38. Qe8 {keeps more tension.} Kg7 39. Kh2 Qc5 40. Qa8 Qb5 41. Qc8) 38... Qd8 39. Qc6 h5 40. Nd7 Bb4 41. Nf6 Be7 42. Ne4 Kg7 43. Nd6 Qb8 44. Qd7 Qd8 45. Qc6 Qb8 46. a4 h4 47. gxh4 Bxh4 48. Qd7 Qf8 49. Ne8+ Kg8 {Threatens to win with ...Qa3.} 50. Nf6+ Kg7 {...Qa3 is the strong threat.} 51. g3 Bxf6 52. exf6+ Kxf6 {[%mdl 4096] Endgame KQ-KQ} 53. Qd4+ Ke7 54. Qc5+ Ke8 55. Qb5+ Ke7 56. Qc5+ Ke8 57. Qb5+ Ke7 58. Qxa5 Qh8+ 59. Kg2 Qb2+ 60. Kh3 Qh8+ 61. Kg2 Qb2+ 62. Kh3 {Accuracy: White = 61%, Black = 76%.} 1/2-1/2

[Event "Portugal Open 2019"]
[Site "Lisbon"]
[Date "2019.02.05"]
[Round "5.4"]
[White "Hansen, Eric"]
[Black "Damaso, Rui"]
[Result "1-0"]
[WhiteElo "2615"]
[BlackElo "2439"]
[Annotator "TA"]
[PlyCount "61"]
[EventDate "2019.01.25"]
[EventType "swiss"]
[EventCountry "POR"]
[SourceTitle "playchess.com"]
[Source "ChessBase"]
[SourceQuality "1"]

{[%evp 10,61,35,29,33,29,20,16,16,19,10,14,5,0,0,0,40,0,40,38,32,36,50,36,36,39,31,31,69,69,120,106,138,141,267,190,370,370,341,362,383,355,419,413,477,459,481,425,553,549,591,552,616,570]} 1. e4 $146 ({Predecessor:} 1. d4 d6 {1-0 (38) Carlsen,M (2881)-Caruana,F (2791) Dubai 2014}) 1... d6 2. d4 Nf6 3. Nc3 e5 4. Nf3 Nbd7 5. Bc4 Be7 6. O-O Nb6 {C41: Philidor Defence} ({Predecessor:} 6... exd4 7. Qxd4 Nb6 {1-0 (38) Carlsen,M (2881)-Caruana,F (2791) Dubai 2014}) 7. Bb3 exd4 $1 8. Qxd4 O-O {The position is equal.} 9. Bf4 ({Predecessor:} 9. a4 a5 {1-0 (38) Carlsen,M (2881)-Caruana,F (2791) Dubai 2014}) 9... a5 10. a4 Bg4 11. Qd3 Nfd7 12. Nd4 Ne5 ({Predecessor:} 12... Bf6 13. Ndb5 Nc5 14. Qg3 Nxb3 15. cxb3 {1-0 (38) Carlsen,M (2881)-Caruana,F (2791) Dubai 2014}) 13. Qd2 Bf6 {White should prevent ...Nec4.} 14. f3 $36 {[%mdl 2048] White has some pressure.} Nec4 15. Qf2 Bd7 16. Bxc4 Nxc4 17. b3 Ne5 18. Rad1 c6 19. Rd2 Re8 (19... Qc8 $14) 20. Rfd1 Qb6 21. Nde2 Qb4 (21... Qxf2+ $16 22. Kxf2 Be6) 22. Rd4 Ng4 $2 (22... Qc5 23. Be3 (23. Rxd6 Qxf2+ 24. Kxf2 Be6 $16) 23... Be7) 23. fxg4 $18 Bxd4 24. Rxd4 {[%mdl 64] [#] Double Attack} Qa3 25. h3 Qb2 26. Rd2 Rad8 27. Qb6 {White is clearly winning.} Bc8 28. Qxa5 d5 29. exd5 cxd5 30. Kh2 b6 31. Qb4 {Accuracy: White = 74%, Black = 32%.} 1-0

[Event "Portugal Open 2019"]
[Site "Lisbon"]
[Date "2019.02.05"]
[Round "5.5"]
[White "Yankelevich, Lev"]
[Black "Bernadskiy, Vitaliy"]
[Result "1/2-1/2"]
[WhiteElo "2445"]
[BlackElo "2570"]
[Annotator "TA"]
[PlyCount "95"]
[EventDate "2019.01.25"]
[EventType "swiss"]
[EventCountry "POR"]
[SourceTitle "playchess.com"]
[Source "ChessBase"]
[SourceQuality "1"]

{[%evp 13,95,16,15,14,23,5,11,15,16,22,18,-41,-35,-40,-19,-32,-29,-31,-18,-13,-17,-20,0,-18,0,-18,0,-9,0,0,22,-5,-5,-7,-4,-31,0,-26,-9,-63,-43,-133,-138,-133,-72,-70,-47,-52,-58,-55,-58,-60,-44,-35,-36,-54,-25,-45,-16,-16,-16,-16,-15,-18,-4,-10,0,0,0,0,0,0,0,0,0,0,0,0,0,0,8,8,8,8]} 1. d4 Nf6 2. c4 e6 3. g3 d5 4. Nf3 $146 ({Predecessor:} 4. Bg2 dxc4 {½-½ (30) Matlakov,M (2718)-So,W (2792) Wijk aan Zee 2018}) 4... dxc4 5. Bg2 Nc6 6. Qa4 Bb4+ 7. Bd2 Nd5 8. Bxb4 {E04: Open Catalan: 5 Nf3} Ndxb4 9. Nc3 Bd7 {aiming for ...Nxd4!} 10. O-O a5 11. Qd1 O-O 12. a4 (12. e3 $11) ({Predecessor:} 12. e3 a4 13. Nxa4 Nxd4 14. Qxd4 Bxa4 15. Qxc4 Qe7 {½-½ (30) Matlakov,M (2718)-So,W (2792) Wijk aan Zee 2018}) 12... Qe7 $15 13. Nb5 e5 14. d5 $1 {[%cal Rd5c6]} e4 15. dxc6 bxc6 16. Na3 exf3 17. Bxf3 Be6 18. Qd4 Rfd8 19. Qe5 f6 20. Qc3 Qf7 21. Rfd1 Rab8 22. Rxd8+ Rxd8 23. Qe3 Qd7 24. h4 Bf7 25. Rc1 Na2 26. Ra1 (26. Rxc4 $11 Bxc4 27. Nxc4) 26... Qd2 27. Rb1 {[#]} ({Not} 27. Rxa2 $2 Qxe3 28. fxe3 Rd1+ 29. Kf2 c3 $19) ({White should play} 27. Qxd2 $15 Rxd2 28. Rxa2) 27... Qxe3 $1 $17 28. fxe3 {[#]} Rd6 (28... Rb8 $142 $1 29. Rd1 Be6) 29. Kf2 g5 30. Ra1 c3 31. bxc3 Nxc3 32. Rc1 Nxa4 33. Bxc6 Nb2 {Hoping for ...Nc4!} 34. Nb5 Rd1 35. Rc2 Rb1 {...Nd1+ is the strong threat.} 36. Nc3 {The position is equal.} Nd1+ 37. Nxd1 Rxd1 38. hxg5 fxg5 $11 {[%mdl 4096] Endgame KRB-KRB} 39. Rc5 {[%mdl 64] Double Attack} Ra1 40. Bd5 a4 41. Bxf7+ Kxf7 42. Rxc7+ {KR-KR} Kg6 43. g4 a3 44. Rc6+ Kf7 45. Rc7+ Ke6 46. Rxh7 Rb1 47. Ra7 Rb3 48. Ra5 {Accuracy: White = 58%, Black = 49%.} 1/2-1/2

[Event "Portugal Open 2019"]
[Site "Lisbon"]
[Date "2019.02.05"]
[Round "5.6"]
[White "Martin Duque, Jesus"]
[Black "David, Alberto"]
[Result "0-1"]
[WhiteElo "2393"]
[BlackElo "2560"]
[Annotator "TA"]
[PlyCount "64"]
[EventDate "2019.01.25"]
[EventType "swiss"]
[EventCountry "POR"]
[SourceTitle "playchess.com"]
[Source "ChessBase"]
[SourceQuality "1"]

{[%evp 11,64,0,10,16,12,13,25,10,18,18,16,15,25,27,25,13,12,0,0,3,0,-7,-15,-32,-37,-52,-50,-27,0,-84,-70,-68,-75,-97,-95,-106,-110,-122,-100,-140,-151,-419,-430,-420,-395,-423,-404,-651,-628,-1345,-1040,-29989,-29990,-29990,-1320]} 1. e4 c5 (1... e6 2. d4 d5 3. e5 c5 4. c3 Nc6 {0-1 (31) Ziska,H (2469)-Radjabov,T (2788) Istanbul 2012}) 2. Nf3 e6 3. c3 d5 4. e5 Nc6 5. d4 Bd7 6. a3 Rc8 7. b4 {C02: French: Advance Variation} (7. Bd3 cxd4 8. cxd4 Qb6 9. Bc2 Nxd4 10. Nxd4 Bc5 11. Nb3 Bxf2+ 12. Ke2 Nh6 13. Nc3 Ng4 14. a4 Bg3 15. Qd4 Qxd4 16. Nxd4 Bxe5 {0-1 (31) Ziska,H (2469)-Radjabov,T (2788) Istanbul 2012}) 7... cxd4 8. cxd4 Nh6 $146 ({Predecessor:} 8... Nge7 9. Bd3 {0-1 (45) Mokshanov,A (2271)-Epishin,V (2594) St Petersburg 2010}) 9. Bd3 {White has an edge.} Nf5 10. Bxf5 exf5 11. O-O Be7 12. Qd3 g5 ({Predecessor:} 12... O-O 13. Nc3 Be6 14. Ne1 a5 15. b5 Nb8 16. Bb2 Nd7 {0-1 (45) Mokshanov,A (2271)-Epishin,V (2594) St Petersburg 2010}) 13. Nc3 {aiming for b5.} Be6 $1 14. Bd2 f4 15. Rfc1 Qd7 16. Na4 Bf5 17. Qc3 O-O 18. Nc5 Qe8 $1 $36 {[%mdl 2048] Black is pushing.} 19. Qb2 b6 20. Nb3 (20. Na6 $11 {remains equal.}) 20... Nd8 21. Rxc8 Bxc8 22. a4 Bf5 23. Ne1 Ne6 24. b5 f6 25. Nc2 Qh5 26. Nb4 $2 (26. Ne1 $17 {was forced.}) 26... Bxb4 $1 $19 27. Bxb4 {[#]} f3 $1 {[%mdl 512]} 28. Nd2 {[#]} fxg2 $1 {[%mdl 512]} 29. Bxf8 {[#]} (29. Re1 $142 Nf4 30. Qb3) (29. Kxg2 Nf4+) 29... Nf4 $1 30. f3 g4 {( -> ...g3)} 31. Qa3 {[#]} g3 $1 {[%mdl 512]} 32. hxg3 Nd3 {Accuracy: White = 36%, Black = 80%.} (32... Qh1+ $142 33. Kf2 Nh3+ 34. Ke2 Qh2 35. Rg1 Nxg1+ 36. Kd1 Nh3 37. Qe3 g1=Q+ 38. Qxg1 Qxg1+ 39. Nf1 Qxf1+ {[%mdl 64] Double Attack} 40. Kd2 Qd3+ {[%mdl 64] Double Attack} 41. Ke1 Qe3+ {[%mdl 64] Double Attack} 42. Kf1 Qf2#) 0-1